| 000 | 00000nam 2200000zi 4500 |
| 001 | 9.561036 |
| 003 | CaOODSP |
| 005 | 20221221140405 |
| 007 | cr ||||||||||| |
| 008 | 150406s2000 xxc|||||o f|0| 0 eng d |
| 040 | |aCaOODSP|beng |
| 043 | |an-cn--- |
| 086 | 1 |aJ3-4/02-6E-PDF |
| 100 | 1 |aCameron, Donald, |eauthor. |
| 245 | 10|aGlobalization triumphant or globalization in retreat : |bimplications for Canada / |cDonald Cameron, Janice Gross Stein; Research and Statistics Division. |
| 246 | 10|aImplications for Canada |
| 264 | 1|aOttawa, Ontario : |bJustice Canada, |c2000. |
| 300 | |a1 online resource (1 volume (14 pages)) |
| 336 | |atext|btxt|2rdacontent |
| 337 | |acomputer|bc|2rdamedia |
| 338 | |aonline resource|bcr|2rdacarrier |
| 490 | 1 |aStrategic issues series ; |vrp02-6E |
| 590 | |a06-13-Supp|b2006-12-15 |
| 690 | 07|aGlobalization|2gcpds |
| 710 | 1 |aCanada.|bJustice Canada, |eissuing body. |
| 775 | 08|tLa mondialisation s'impose ou la mondialisation bat en retraite : |w(CaOODSP)9.593651 |
| 830 | #0|aStrategic issues series ;|vrp02-6E|w(CaOODSP)9.505111 |
| 856 | 40|ahttp://publications.gc.ca|qPDF|s77 KB|uhttps://publications.gc.ca/collections/Collection/J3-4-02-6E.pdf|yrp02-6E |